Descartes. Del hermetismo a la nueva ciencia

Furkejuvvon:
Bibliográfalaš dieđut
Váldodahkki: Turró, Salvio
Materiálatiipa: Girji
Giella:Undetermined
Almmustuhtton: Barcelona, España Anthropos Editorial del hombre 1985
Ráidu:(Autores, textos y temas de filosofía / Jaume Mascaró) 1
Fáttát:
Fáddágilkorat: Lasit fáddágilkoriid
Eai fáddágilkorat, Lasit vuosttaš fáddágilkora!

MARC

LEADER 00000nam a2200000Ia 4500
008 170316s9999 xx 000 0 und d
999 |c 30800  |d 30800 
020 |a 84-85887-62-X 
040 |a cru BVZT 
090 |a 100 T-19.1d 
100 |a Turró, Salvio 
245 |a Descartes. Del hermetismo a la nueva ciencia 
260 |a Barcelona, España  |b Anthropos Editorial del hombre  |c 1985 
300 |a 439 páginas 
490 |a (Autores, textos y temas de filosofía / Jaume Mascaró)   |v 1 
500 |a Incluye cronología de Descartes 
546 |a Español 
650 0 |a FILOSOFÍA  |9 5 
653 |a DESCARTES 
942 |c 15 D  |h 100 T-19.1d  |2 z